| 000 -LEADER |
| fixed length control field |
01048nam a22002177a 4500 |
| 005 - DATE AND TIME OF LATEST TRANSACTION |
| control field |
20241115135226.0 |
| 008 - FIXED-LENGTH DATA ELEMENTS--GENERAL INFORMATION |
| fixed length control field |
241115b ||||| |||| 00| 0 eng d |
| 020 ## - INTERNATIONAL STANDARD BOOK NUMBER |
| International Standard Book Number |
9781447262893 |
| 040 ## - CATALOGING SOURCE |
| Transcribing agency |
KH8 |
| 082 ## - DEWEY DECIMAL CLASSIFICATION NUMBER |
| Classification number |
FIC BLU |
| 100 ## - MAIN ENTRY--PERSONAL NAME |
| Personal name |
Blume, Judy |
| Relator term |
Author |
| 245 ## - TITLE STATEMENT |
| Title |
Superfudge |
| Statement of responsibility, etc. |
Judy Blume |
| 260 ## - PUBLICATION, DISTRIBUTION, ETC. |
| Place of publication, distribution, etc. |
England, |
| Name of publisher, distributor, etc. |
Pan Macmillan, London, |
| Date of publication, distribution, etc. |
2014 |
| 300 ## - PHYSICAL DESCRIPTION |
| Extent |
256 pages ; |
| Other physical details |
197 x 130 mm. |
| 440 ## - SERIES STATEMENT/ADDED ENTRY--TITLE |
| Title |
Fudge |
| Volume/sequential designation |
3. |
| 520 ## - SUMMARY, ETC. |
| Summary, etc. |
Peter Hatcher's little brother, Fudge, is four. And he's as monstrous as ever! When Fudge discovers that his new baby sister can't play with him, he tries to sell her. When that doesn't work, he tries giving her away. And on his first day at school he kicks his teacher and calls her Rat Face. Can his big brother help him out this time? A new cover edition of book three in this hugely successful series from the bestselling author and household name Judy Blume |
| 650 ## - SUBJECT ADDED ENTRY--TOPICAL TERM |
| Topical term or geographic name entry element |
Brothers |
| Form subdivision |
Juvenile fiction |
| 650 ## - SUBJECT ADDED ENTRY--TOPICAL TERM |
| Topical term or geographic name entry element |
Families |
| Form subdivision |
Juvenile fiction |
| 650 ## - SUBJECT ADDED ENTRY--TOPICAL TERM |
| Topical term or geographic name entry element |
Humorous |
| Form subdivision |
Fiction Juvenile |
| 942 ## - ADDED ENTRY ELEMENTS (KOHA) |
| Source of classification or shelving scheme |
|
| Koha item type |
Books - Fiction |